|
|
|
|
| LEADER |
00000nab a2200000 a 4500 |
| 001 |
vtls000513602 |
| 003 |
SK-MaSNL |
| 005 |
20260304100206.0 |
| 008 |
250425c1994 xo 0 slo |
| 015 |
|
|
|a SNBRB19rr/mm-uuuuu
|
| 035 |
|
|
|a CL0513740
|
| 035 |
|
|
|a urn:nbn:sk:snk-ab1qbm
|
| 035 |
|
|
|a (urnnbn)urn:nbn:sk:snk:ar-004y7c
|
| 035 |
|
|
|a (uuid)0f7d7c02-82ac-4cc5-b2fd-406d497c697b
|
| 040 |
|
|
|a SNKBUCL
|b slo
|c SNKBUCL
|e AACR2
|
| 041 |
0 |
|
|a cze
|
| 044 |
|
|
|a xo
|c SK
|
| 080 |
|
|
|a 615.276:061.3
|2 1981
|
| 100 |
1 |
|
|a Borovanský, Alois,
|d 1922-2019
|4 aut
|9 224490
|
| 245 |
1 |
0 |
|a Variabilty in response to anti-rheumatic drugs
|c A. Borovanský
|
| 650 |
0 |
7 |
|a antireumatiká
|2 snkbucl
|9 15368
|
| 655 |
|
7 |
|a články z novín a časopisov
|2 snkbucl
|9 267496
|
| 700 |
1 |
|
|a Day, R. O.
|4 aut
|9 981608
|
| 700 |
1 |
|
|a Graham, G. G.
|4 aut
|9 981609
|
| 700 |
1 |
|
|a Williams, K. M.
|4 aut
|9 826154
|
| 700 |
1 |
|
|a Brooks, M.
|4 aut
|9 1394035
|
| 773 |
0 |
|
|t Farmaceutický obzor
|g Roč. 63, č. 3 (1994), s. 134-135
|x 0014-8172
|
| 787 |
0 |
8 |
|i Rec.:
|a Brooks, M.
|t Variabilty in response to anti-rheumatic drugs
|d Basel - Boston - Berlin : Birkhäuser Verlag, 1993
|
| 850 |
|
|
|a Slovenská národná knižnica
|
| 852 |
|
|
|a Slovenská národná knižnica
|
| 954 |
|
|
|a odborná, vedecká literatúra cudzojazyčná (svetová)
|2 lita
|
| 954 |
|
|
|a odborná, vedecká literatúra pôvodná (slovenská)
|2 lita
|
| 958 |
|
|
|a article27
|
| 958 |
|
|
|a OND
|
| 958 |
|
|
|a RK
|
| 958 |
|
|
|a MI
|
| 958 |
|
|
|a EUIPO
|
| 992 |
|
|
|a RBX
|
| 999 |
|
|
|c 2836701
|d 2838631
|